[Event "Minsk rapid op2"]
[Site "Minsk"]
[Date "2018.06.27"]
[Round "1"]
[White "Podolchenko, Evgeniy"]
[Black "Mamedov, Nikolay"]
[Result "1-0"]
[WhiteElo "2379"]
[BlackElo "2087"]
[PlyCount "71"]
[EventDate "2018.06.27"]
[EventType "swiss (rapid)"]
[EventRounds "9"]
[EventCountry "BLR"]
[SourceTitle "EXT 2021"]
[Source "ChessBase"]
[SourceDate "2020.10.23"]
[SourceVersion "1"]
[SourceVersionDate "2020.10.23"]
[SourceQuality "1"]

1. d4 Nf6 2. c4 g6 3. Nc3 Bg7 4. e4 d6 5. Nge2 0-0 6. Ng3 Nbd7 7. h4 h5 8. Be2 e5 9. d5 Re8 10. Bg5 Nf8 11. Qd2 N8h7 12. Bh6 Bg4 13. f3 Bd7 14. Bxg7 Kxg7 15. Nf1 Qc8 16. Ne3 Rh8 17. 0-0-0 a6 18. Kb1 Rb8 19. Rc1 b6 20. Ka1 Kf8 21. Ncd1 Ke7 22. Nf2 c6 23. dxc6 Bxc6 24. Rhd1 Rd8 25. Nd5+ Bxd5 26. cxd5 Qb7 27. Rc6 Nd7 28. g4 Rbc8 29. Rdc1 Nb8 30. gxh5 gxh5 31. R6c2 Nf6 32. f4 Rxc2 33. Rxc2 Rc8 34. fxe5 Rxc2 35. exf6+ Kxf6 36. Qg5# 1-0

[Event "Minsk rapid op1"]
[Site "Minsk"]
[Date "2018.06.25"]
[Round "1"]
[White "Ianov, Viktor"]
[Black "Mamedov, Nikolay"]
[Result "1-0"]
[WhiteElo "2328"]
[BlackElo "2087"]
[PlyCount "71"]
[EventDate "2018.06.25"]
[EventType "swiss (rapid)"]
[EventRounds "9"]
[EventCountry "BLR"]
[SourceTitle "EXT 2021"]
[Source "ChessBase"]
[SourceDate "2020.10.23"]
[SourceVersion "1"]
[SourceVersionDate "2020.10.23"]
[SourceQuality "1"]

1. Nf3 Nf6 2. g3 g6 3. b3 Bg7 4. Bb2 0-0 5. Bg2 d6 6. d4 Nbd7 7. 0-0 c6 8. Nbd2 Qc7 9. e4 b6 10. Re1 e6 11. a3 a5 12. e5 Ne8 13. Qe2 Ba6 14. Qe3 d5 15. c4 Rd8 16. cxd5 cxd5 17. Rac1 Qb8 18. a4 Nc7 19. Ba3 Rfe8 20. Bd6 Rc8 21. h4 h6 22. h5 g5 23. Nh2 Qb7 24. Ng4 b5 25. f4 bxa4 26. bxa4 Na8 27. fxg5 Rxc1 28. Rxc1 Qb2 29. Rb1 Qc2 30. gxh6 Bh8 31. Bf1 Bxf1 32. Rxf1 Qh7 33. Qg5+ Bg7 34. hxg7 f5 35. Nh6+ Qxh6 36. Qxh6 1-0

[Event "Minsk Amateur op"]
[Site "Minsk"]
[Date "2018.06.25"]
[Round "1"]
[White "Mamedov, Nikolay"]
[Black "Kocheev, Aleksandr"]
[Result "0-1"]
[WhiteElo "2094"]
[BlackElo "2316"]
[PlyCount "78"]
[EventDate "2018.06.25"]
[EventType "swiss"]
[EventRounds "9"]
[EventCountry "BLR"]
[SourceTitle "CBM 185 Extra"]
[Source "ChessBase"]
[SourceDate "2018.07.29"]
[SourceVersion "1"]
[SourceVersionDate "2018.07.29"]
[SourceQuality "1"]

1. Nf3 Nf6 2. g3 g6 3. Bg2 Bg7 4. 0-0 0-0 5. c4 c6 6. d4 d5 7. Nbd2 Ne4 8. cxd5 cxd5 9. e3 Nxd2 10. Bxd2 Nc6 11. Bc3 Bf5 12. Nh4 Be6 13. Qe2 Qd7 14. Rfd1 Rfd8 15. b4 a6 16. a4 Na7 17. Nf3 Rac8 18. Ra3 Bg4 19. Qf1 Qf5 20. Nh4 Qf6 21. f3 Bd7 22. Bh3 g5 23. Bxd7 Rxd7 24. Ng2 Rdc7 25. Ba1 Rc4 26. Rb3 Qc6 27. a5 Qa4 28. Rdb1 Nb5 29. Qd3 Nd6 30. Ne1 g4 31. Bc3 Qd7 32. Bd2 gxf3 33. Nxf3 Ne4 34. R1b2 Qg4 35. Kg2 R8c6 36. Be1 Rh6 37. Ng1 Rc1 38. Rb1 Rxe1 39. Rxe1 Rxh2+ 0-1